Watford Top Goalscorers of All Time - Statistics

General Stats
  • This quiz has been taken 22 times
  • The average score is 13 of 50
Answer Stats
Player APP Goals % Correct
Troy Deeney 419 140
95%
Gerard Deulofeu 70 17
70%
Ismaila Sarr 131 34
70%
Odion Ighalo 100 40
70%
Abdoulaye Doucoure 141 17
60%
Vakoun Bayo 99 21
60%
Luther Blissett 214 92
55%
Andre Gray 125 21
50%
Emmanuel Dennis 55 14
50%
joao Pedro 109 24
50%
John Barnes 237 64
50%
Matej Vydra 95 38
50%
Roberto Pereyra 115 18
50%
Etienne Capoue 181 14
45%
Tom Cleverley 181 19
40%
Ashley Young 110 22
35%
Marlon King 87 38
35%
Tommy Mooney 174 47
35%
Tommy Smith 303 63
35%
Edo Kayembe 107 13
30%
Mileta Rajovic 48 14
30%
Danny Graham 98 41
25%
Heidar Helguson 225 74
25%
Ken Sema 176 13
25%
Almen Abdi 131 25
20%
Darius Henderson 118 31
15%
Fernando Forestieri 92 21
15%
Hamer Bouazza 99 13
15%
Kenny Jackett 263 25
15%
Richard Johnson 159 18
15%
John Eustace 168 16
10%
Marvin Sordell 82 27
10%
Micah Hyde 277 27
10%
Nigel Callaghan 197 39
10%
Wilf Rostron 279 20
10%
Bruce Dyer 79 13
5%
Colin West 53 23
5%
George Reilly 56 18
5%
Mark Falco 39 14
5%
Mo Johnston 47 27
5%
Peter Kennedy 126 22
5%
Steve Terry 154 14
5%
Allan Nielsen 110 19
0%
Danny Webber 80 21
0%
Gifton Noel-Williams 167 36
0%
Neil Cox 244 21
0%
Scott Fitzgerald 59 12
0%
Sean Murray 85 14
0%
Tamas Priskin 83 19
0%
Worrell Sterling 108 16
0%
No matching quizzes found
Score Distribution
Percent of People with Each Score
Percentile by Number Answered
Your Score History
You have not taken this quiz